|
|
|
|
| LEADER |
00000nam a2200000 a 4500 |
| 001 |
vtls001339028 |
| 003 |
SK-MaSNL |
| 005 |
20260301114537.0 |
| 008 |
251023s1998 xo a r 0 slo |
| 015 |
|
|
|a SNBA1998/11-04044
|
| 020 |
|
|
|a 8071348589
|
| 035 |
|
|
|a SNK000292081
|
| 040 |
|
|
|a SNK
|b slo
|c SNK
|e AACR2
|
| 041 |
0 |
|
|a slo
|
| 044 |
|
|
|a xo
|c SK
|
| 080 |
|
|
|a 64(087.5)
|2 1981
|
| 110 |
0 |
|
|a Walt Disney Enterprises
|4 aut
|4 ilu
|9 99785
|
| 245 |
1 |
|
|a 9. príručka mladých svišťov
|c Walt Disney ; [z francúzskeho originálu preložila Zora Nemannová]
|
| 246 |
1 |
3 |
|a Deviata príručka mladých svišťov
|
| 260 |
|
|
|a Bratislava
|b Egmont Neografia
|c 1998
|
| 300 |
|
|
|a 156 s.
|b fareb. ilustr.
|c 19 cm
|
| 500 |
|
|
|a Ilustr. na tit. strane
|
| 500 |
|
|
|a Údaj o prekl. prevzatý z rubu tit. strany
|
| 650 |
0 |
7 |
|a rady praktické
|x knihy pre deti
|2 SNK
|9 458173
|
| 655 |
|
7 |
|a príručky
|2 SNK
|9 74364
|
| 700 |
1 |
|
|a Sadloňová, Zora,
|d 1954-
|4 trl
|9 100903
|
| 919 |
|
|
|a 80-7134-858-9
|
| 958 |
|
|
|a TL
|
| 958 |
|
|
|a OP
|
| 958 |
|
|
|a NS
|
| 958 |
|
|
|a FR
|
| 968 |
|
|
|b FR
|
| 999 |
|
|
|c 718839
|d 720769
|
| 952 |
|
|
|t P60, <03>, [BOOK], {603}
|a SNK
|b SNK
|y PREZ
|7 0
|p 17A0153405
|o snkSD 64749/9
|i snkKSP 7652/98
|0 0
|1 0
|4 0
|d 1998-08-12
|l 0
|r 2005-01-02 00:00:00
|w 2026-02-23
|
| 952 |
|
|
|t P60, <04>, [BOOK], {604}
|a SNK
|b SNK
|y VYP
|7 0
|p 17A0153406
|o snkSD 64749/9 D1
|i snkKSP 7653/98
|0 0
|1 0
|4 0
|d 1998-08-12
|l 0
|r 2005-01-02 00:00:00
|w 2026-02-23
|